000
00204nam a2200073Ia 4500
008
170524s9999 xx 000 0 und d
100
_a
KUMAR SURENDAR
245
0
_a
CORPORATE GOVERNANCE A QUESTION OF ETHICS
260
_b
GALGOTIA PUB. HOUSE
999
_c
8205
_d
8205